000
00296nam a22001337a 4500
008
170303b xxu||||| |||| 00| 0 eng d
020
_a
3131028920
041
_a
eng
080
_a
616.073
100
_a
6
101
_a
SHM
245
_a
DIAGNOSTIC BREAST IMAGING
_c
K0BRUNNER S,H
942
_2
udc
_c
BK
999
_c
6661
_d
6661